000 00464nam a2200133Ia 4500
008 150610s9999 xx 000 0 und d
020 _a00 64409457
050 _aPZ7
_b .L58474Si 1994
100 _aLewis, C.S. (Clive Staples), 1898-1963
245 4 _aThe silver chair /
_cC. S. Lewis; illustrated in color by Pauline Baynes.
260 _aNew York :
_bHarper Collins,
_c1994.
300 _a243. :
_bcol. ill. ,
_c20 cm.
440 _aThe chronicles of Narnia; bk. 6
999 _c287948
_d287948